Analýza aplikácie zásady opatrnosti v účtovníckej profesii diplomová práca

Na minha lista:
Detalhes bibliográficos
Autor principal: Charitunová, Simona
Autor Corporativo: Fakulta hospodárskej informatiky EU. Katedra účtovníctva a audítorstva
Outros Autores: Kršíková, Veronika, 1986-
Formato: Livro
Idioma:eslovaco
Publicado em: Bratislava 2018
Tags: Adicionar Tag
Sem tags, seja o primeiro a adicionar uma tag!

MARC

LEADER 00000nbm a2200000 4500
001 0243521
005 20181108091250.1
041 0 |a slo 
044 |a SK 
245 1 0 |a Analýza aplikácie zásady opatrnosti v účtovníckej profesii  |b diplomová práca  |c Simona Charitunová ; školiteľ: Veronika Kňažková 
264 1 |a Bratislava  |c 2018 
300 |a 76 s. 
100 1 |a Charitunová, Simona 
700 1 |a Kršíková, Veronika, 1986- 
710 2 |a Fakulta hospodárskej informatiky EU. Katedra účtovníctva a audítorstva